• 首页
  • 本馆介绍
  • 公告通知
  • 最新文献
  • 馆藏检索
  • 电子资源
  • 读者导购
  • 参考咨询
  • 我的图书馆
  • 登录
  • 详细信息显示
  • 放入我的书架
  • 预约/预借图书
  • 作者相关作品
  • 分类相关作品
  • 丛书相关作品
  • 出版社相关作品

书目信息

  • 表格格式
  • 工作单格式
  • 卡片格式
题名:
原子物理学和核物理学的量和单位
    
 
作者: 吕维纯 , 刘远迈 编
分册:  
出版信息: 北京   计量出版社  1983
页数: 24页
开本: 19cm
丛书名: 量和单位丛书
单 册:
中图分类: TB98
科图分类:
主题词: 核物理学-计量单位 , 计量单位-原子物理学:核物理学 , 原子物理学-计量单位 , 原子物理学:核物理学-计量单位
电子资源:
ISBN:
000 00870nam2 2200301 45
001 0183000011
005 20060728154541.37
010    @dCNY0.15
091    @a15210.279
100    @a19950626d1983 em y0chiy0121 ea
101 0  @achi
102    @aCN@b110000
105    @ay z 000yy
200 10 @a原子物理学和核物理学的量和单位@Ayuan zi wu li xue he he wu li xue de liang he dan wei@f吕维纯,刘远迈编
210    @a北京@c计量出版社@d1983
215    @a24页@d19cm
225 2  @a量和单位丛书@v11
410  0 @120010@a量和单位丛书
606    @a核物理学-计量单位
606    @a计量单位-原子物理学:核物理学
606    @a原子物理学-计量单位
606    @a原子物理学:核物理学-计量单位
690    @aTB98@v3
701  0 @a吕维纯@Alu wei chun@4编
701  0 @a刘远迈@Aliu yuan mai@4编
801  2 @aCN@bNLC@c20060728
801  0 @aCN@bTSSF
905    @a10447@dTB98@e95
    
    原子物理学和核物理学的量和单位/吕维纯,刘远迈编.-北京:计量出版社,1983
    24页;19cm.-(量和单位丛书;11)
    
    
    ISBN :CNY0.15
    
●
相关链接 在E读中查询图书 在五车中查询图书 在当当中查询图书 在豆瓣中查询图书


正题名:原子物理学和核物理学的量和单位     索取号:TB98/95         预约/预借

序号 登录号 条形码 馆藏地/架位号 状态 备注
1 0438988   204389884   密集书库/ [索取号:TB98/95] 在馆    
唐山师范学院图书馆 欢迎您!
大连网信软件有限公司© 版权所有